00398nam a2200181Ia 4500003000900000008004100009040001300050040001300063041000800076100002500084245005100109250001200160260000800172260000900180300001100189300001000200490000600210IT-RoPAU120407s9999 xx 000 0 und d aIT-RoPAU cIT-RoPAU aita aWalter von Loewenich aTheologia crucis. Visione teologica di Lutero. aBologna aEDB c1975 a219 p. c22 cm v1